[Event "4NCL Online Division 4"]
[Site "online"]
[Date "2020.10.20"]
[Round "5.122"]
[White "Holroyd-Doveton, Nathaniel"]
[Black "Demjan, Denisz"]
[Result "1/2-1/2"]
[WhiteElo "1720"]
[BlackElo "1262"]
[PlyCount "103"]
[EventDate "2020.10.20"]
[WhiteTeam "Darnall & Handsworth"]
[BlackTeam "Watford Juniors A"]

1. c4 e6 2. Nc3 g6 3. d4 Bg7 4. Nf3 d6 5. e4 Ne7 6. Be2 Nbc6 7. O-O O-O 8. Be3
b6 9. Qd2 Bb7 10. Bh6 a5 11. Bxg7 Kxg7 12. d5 exd5 13. exd5 Nb4 14. a3 Na6 15.
Qd4+ Kg8 16. Qh4 Nf5 17. Qxd8 Raxd8 18. Bd3 Ng7 19. Nd4 Nc5 20. Bc2 Ba6 21.
Ncb5 Rc8 22. Nc6 Rfe8 23. Rae1 Bxb5 24. cxb5 Ra8 25. f3 Kf8 26. Kf2 Nh5 27. g3
Nf6 28. Rd1 Nfd7 29. Rfe1 h5 30. Rd4 Ne5 31. Red1 Nxc6 32. dxc6 Re5 33. Re1
Rae8 34. Rxe5 Rxe5 35. Rd2 Ne6 36. a4 Rc5 37. Bb3 Rc1 38. Bxe6 fxe6 39. f4 Ra1
40. b3 Ra3 41. Rb2 Kf7 42. Kf3 Kf6 43. g4 h4 44. h3 Ra1 45. Kg2 e5 46. fxe5+
dxe5 47. Rd2 e4 48. Rd7 Ra2+ 49. Kg1 Ra1+ 50. Kg2 Ra2+ 51. Kg1 Ra1+ 52. Kg2
1/2-1/2

[Event "4NCL Online Division 4"]
[Site "online"]
[Date "2020.10.20"]
[Round "5.123"]
[White "Bajpayee, Yayin"]
[Black "Feather, Harry"]
[Result "0-1"]
[WhiteElo "1225"]
[BlackElo "1562"]
[PlyCount "74"]
[EventDate "2020.10.20"]
[WhiteTeam "Watford Juniors A"]
[BlackTeam "Darnall & Handsworth"]

1. d4 f5 2. Nf3 e6 3. c4 Nf6 4. Nc3 Bb4 5. Bd2 O-O 6. e3 b6 7. Bd3 Bb7 8. a3
Bxc3 9. Bxc3 Ne4 10. O-O d6 11. Rc1 Nd7 12. Qe2 Qf6 13. Rfd1 a5 14. h3 Nxc3 15.
Rxc3 e5 16. dxe5 dxe5 17. Bc2 Nc5 18. Kf1 Rad8 19. Rxd8 Rxd8 20. Kg1 a4 21. Nh2
Qg5 22. f3 Qh5 23. Kf1 Rd6 24. Qf2 e4 25. f4 Nd3 26. Qd2 Nxf4 27. Qe1 Nd3 28.
Bxd3 exd3 29. Qd2 Qh4 30. Rxd3 Qxc4 31. Ke2 Ba6 32. Kf2 Rxd3 33. Qe2 f4 34.
exf4 Qd4+ 35. Ke1 Rd1+ 36. Qxd1 Qe3+ 37. Qe2 Qxe2# 0-1

[Event "4NCL Online Division 4"]
[Site "online"]
[Date "2020.10.20"]
[Round "5.124"]
[White "Oughton, John M"]
[Black "George, Seb"]
[Result "1/2-1/2"]
[WhiteElo "1210"]
[BlackElo "1150"]
[PlyCount "50"]
[EventDate "2020.10.20"]
[WhiteTeam "Darnall & Handsworth"]
[BlackTeam "Watford Juniors A"]

1. e4 Nf6 2. Nc3 Nc6 3. Nf3 d6 4. d4 e5 5. Bb5 Bd7 6. O-O Nxd4 7. Bxd7+ Qxd7 8.
Nxd4 exd4 9. Qxd4 b6 10. Re1 O-O-O 11. a4 h5 12. a5 c5 13. Qe3 b5 14. Nd5 Nxd5
15. exd5 Qf5 16. Bd2 Qxc2 17. b3 Qf5 18. Qe2 h4 19. h3 a6 20. Rac1 Qxd5 21. b4
c4 22. Qg4+ Kb7 23. Bc3 Rh5 24. Rcd1 Qf5 25. Qd4 Qc8 1/2-1/2

[Event "4NCL Online Division 4"]
[Site "online"]
[Date "2020.10.20"]
[Round "5.131"]
[White "Banerjee, Sanjoy K"]
[Black "Tarling, Ray"]
[Result "0-1"]
[WhiteElo "1720"]
[BlackElo "1922"]
[PlyCount "82"]
[EventDate "2020.10.20"]
[WhiteTeam "Atticus B"]
[BlackTeam "Guildford Gatekeepers"]

1. e4 d6 2. d4 Nf6 3. Nc3 g6 4. f4 Bg7 5. Nf3 c5 6. dxc5 Qa5 7. Bb5+ Bd7 8.
Bxd7+ Nbxd7 9. O-O Qxc5+ 10. Kh1 Ng4 11. Nd5 Rc8 12. c3 Nf2+ 13. Rxf2 Qxf2 14.
Ne3 b5 15. Bd2 O-O 16. Rb1 h5 17. Nd5 Qc5 18. Nxe7+ Kh8 19. Nxc8 Rxc8 20. Ng5
Kg8 21. Qf3 Nf6 22. Be3 Qc4 23. a3 a6 24. Rd1 Ng4 25. Bd4 f6 26. Nh3 Qc6 27.
Qd3 Re8 28. Nf2 d5 29. Nxg4 dxe4 30. Nxf6+ Bxf6 31. Qe3 Bxd4 32. Rxd4 Qe6 33.
g3 Qf5 34. Kg2 Kh7 35. Rd6 h4 36. Rxa6 h3+ 37. Kf2 Rd8 38. Ra7+ Kh6 39. Re7 Rd3
40. Qe2 Qc5+ 41. Kf1 Qxe7 0-1

[Event "4NCL Online Division 4"]
[Site "online"]
[Date "2020.10.20"]
[Round "5.132"]
[White "Merriman, Rob"]
[Black "Burge, Steve J"]
[Result "1-0"]
[WhiteElo "1795"]
[BlackElo "1712"]
[PlyCount "67"]
[EventDate "2020.10.20"]
[WhiteTeam "Guildford Gatekeepers"]
[BlackTeam "Atticus B"]

1. e4 e5 2. Nf3 f5 3. Nxe5 Nf6 4. Bc4 Qe7 5. d4 Nc6 6. O-O fxe4 7. Bf4 d5 8.
Bb3 Nxe5 9. Bxe5 Bg4 10. Bxf6 Qe6 11. f3 gxf6 12. fxg4 O-O-O 13. Qe2 h5 14.
gxh5 f5 15. c4 c6 16. cxd5 cxd5 17. Nc3 Bg7 18. Rad1 Qf7 19. Nxd5 Rxd5 20. Qc4+
Kb8 21. Qxd5 Qxh5 22. Qd6+ Ka8 23. Qg3 f4 24. Rxf4 e3 25. Qh3 Qe8 26. Qg4 Bh6
27. Re4 Qd8 28. d5 Rg8 29. Qf5 Rf8 30. Qg6 Rh8 31. d6 a6 32. d7 Qc7 33. Re8+
Rxe8 34. dxe8=Q+ 1-0

[Event "4NCL Online Division 4"]
[Site "online"]
[Date "2020.10.20"]
[Round "5.133"]
[White "Wadsworth, Mark S"]
[Black "Kammin, Samuel"]
[Result "1-0"]
[WhiteElo "1690"]
[BlackElo "1780"]
[PlyCount "103"]
[EventDate "2020.10.20"]
[WhiteTeam "Atticus B"]
[BlackTeam "Guildford Gatekeepers"]

1. c4 e5 2. Nc3 Nc6 3. g3 f5 4. Bg2 Nf6 5. d3 Bc5 6. e3 O-O 7. Nge2 Qe8 8. Nd5
Nxd5 9. Bxd5+ Kh8 10. O-O Ne7 11. Bg2 Qf7 12. d4 exd4 13. exd4 Bb6 14. c5 Ba5
15. a3 c6 16. b4 Bc7 17. Bf4 Bxf4 18. Nxf4 Ng6 19. Qd2 d5 20. Rfe1 Bd7 21. Re2
Rae8 22. Rae1 Re4 23. f3 Nxf4 24. fxe4 Nxe2+ 25. Qxe2 fxe4 26. Rf1 Qe7 27.
Rxf8+ Qxf8 28. Qf2 Kg8 29. Qxf8+ Kxf8 30. Kf2 Kf7 31. Ke3 g5 32. Bf1 Kg6 33.
Be2 h5 34. h4 gxh4 35. gxh4 Bh3 36. Kf4 Bg2 37. a4 Bf3 38. Bf1 Bd1 39. a5 a6
40. Bh3 e3 41. Kxe3 Bg4 42. Bf1 Kf5 43. Bd3+ Kf6 44. Kf4 Bh3 45. Be2 Kg6 46.
Ke5 Bc8 47. Bd3+ Kh6 48. Kd6 Bg4 49. Kc7 Bf3 50. Kxb7 Be4 51. Bxa6 Kg6 52. Be2
1-0

[Event "4NCL Online Division 4"]
[Site "online"]
[Date "2020.10.20"]
[Round "5.134"]
[White "Tarling, Adam"]
[Black "Wiseman, Jim K"]
[Result "1-0"]
[WhiteElo "1720"]
[BlackElo "1607"]
[PlyCount "49"]
[EventDate "2020.10.20"]
[WhiteTeam "Guildford Gatekeepers"]
[BlackTeam "Atticus B"]

1. e4 c5 2. c3 a6 3. d4 e6 4. Nf3 d5 5. e5 Nc6 6. Be2 cxd4 7. cxd4 f6 8. O-O
fxe5 9. dxe5 Be7 10. Qa4 Bd7 11. Qg4 g6 12. Bf4 Qc7 13. Rc1 Bf8 14. Nd4 Kf7 15.
Nd2 Nh6 16. Qh4 Qd8 17. Bg5 Be7 18. Nxc6 bxc6 19. Bxe7 Qxe7 20. Qxh6 c5 21. Nf3
Qf8 22. Qxf8+ Rhxf8 23. Rxc5 Kg8 24. Rc7 Rfd8 25. Rac1 1-0

[Event "4NCL Online Division 4"]
[Site "online"]
[Date "2020.10.20"]
[Round "5.141"]
[White "George, Ian M"]
[Black "McLeod, Fraser"]
[Result "1/2-1/2"]
[WhiteElo "1945"]
[BlackElo "1967"]
[PlyCount "41"]
[EventDate "2020.10.20"]
[WhiteTeam "Camborne Trevithick"]
[BlackTeam "Wessex Some Stars C"]

1. e4 c5 2. Nf3 d6 3. Bb5+ Bd7 4. Bxd7+ Qxd7 5. c4 Nc6 6. d4 cxd4 7. Nxd4 e6 8.
O-O Be7 9. f3 Rc8 10. Nxc6 Qxc6 11. Na3 Nf6 12. Be3 a6 13. Rc1 O-O 14. Qe2 Qa4
15. Qd3 Nd7 16. Qb3 Qc6 17. Qc2 Rc7 18. Nb1 Rfc8 19. Qd2 Ne5 20. b3 Nd7 21. Nc3
1/2-1/2

[Event "4NCL Online Division 4"]
[Site "online"]
[Date "2020.10.20"]
[Round "5.142"]
[White "Adaway, William"]
[Black "Williams, Philip J"]
[Result "1-0"]
[WhiteElo "1952"]
[BlackElo "1855"]
[PlyCount "81"]
[EventDate "2020.10.20"]
[WhiteTeam "Wessex Some Stars C"]
[BlackTeam "Camborne Trevithick"]

1. c4 e5 2. Nc3 Nf6 3. Nf3 Nc6 4. e4 Bc5 5. Nxe5 Nxe5 6. d4 Bxd4 7. Qxd4 Nc6 8.
Qd1 h6 9. Be2 d6 10. O-O O-O 11. f4 Re8 12. Bf3 a5 13. Re1 Nd7 14. Nd5 Nc5 15.
b3 f5 16. exf5 Rxe1+ 17. Qxe1 Bxf5 18. Be3 Ne4 19. g4 Bh7 20. f5 Ng5 21. Bg2
Ne5 22. Qe2 c6 23. Nf4 Rc8 24. Rf1 Qf8 25. h4 Ngf7 26. Ne6 Qe8 27. Bd2 Qe7 28.
Be1 Ra8 29. Rf4 Nd8 30. Nxd8 Qxd8 31. Rd4 Qf6 32. Qd1 Nf7 33. Bg3 Rd8 34. Re4
Ne5 35. Qe2 Re8 36. Re3 Kh8 37. c5 Rd8 38. cxd6 Nf7 39. Re8+ Bg8 40. Rxd8 Nxd8
41. Qe5 1-0

[Event "4NCL Online Division 4"]
[Site "online"]
[Date "2020.10.20"]
[Round "5.143"]
[White "Healey, Grant"]
[Black "Marsh, Roger D W"]
[Result "1/2-1/2"]
[WhiteElo "1922"]
[BlackElo "1952"]
[PlyCount "63"]
[EventDate "2020.10.20"]
[WhiteTeam "Camborne Trevithick"]
[BlackTeam "Wessex Some Stars C"]

1. g3 g6 2. Bg2 Bg7 3. Nh3 e5 4. c3 c6 5. d3 Ne7 6. O-O O-O 7. f3 d5 8. e4 h6
9. Be3 Be6 10. Qd2 Kh7 11. Nf2 Nd7 12. f4 f5 13. fxe5 dxe4 14. dxe4 Nxe5 15.
Qxd8 Rfxd8 16. exf5 Nxf5 17. Bf4 Bc4 18. Re1 Nd3 19. Nxd3 Bxd3 20. Na3 Re8 21.
Kf2 Rad8 22. Rad1 Rxe1 23. Rxe1 g5 24. Bc1 Rf8 25. Kg1 Rf7 26. Be4 Bxe4 27.
Rxe4 Rd7 28. Kf2 b5 29. Ke2 a5 30. Re6 Rd6 31. Re5 Bxe5 32. Nc2 1/2-1/2

[Event "4NCL Online Division 4"]
[Site "online"]
[Date "2020.10.20"]
[Round "5.144"]
[White "Smith, Richard"]
[Black "Morgan, Jamie"]
[Result "0-1"]
[WhiteElo "1915"]
[BlackElo "1840"]
[PlyCount "93"]
[EventDate "2020.10.20"]
[WhiteTeam "Wessex Some Stars C"]
[BlackTeam "Camborne Trevithick"]

1. e4 c5 2. Nf3 g6 3. d4 cxd4 4. Nxd4 Nc6 5. c4 Nf6 6. Nc3 d6 7. Be2 Nxd4 8.
Qxd4 Bg7 9. Be3 O-O 10. Qd2 a5 11. O-O a4 12. f3 Qa5 13. Rab1 Be6 14. Nd5 Qxd2
15. Nxe7+ Kh8 16. Bxd2 Rfe8 17. Nd5 Nxd5 18. cxd5 Bxd5 19. Bb5 Bxa2 20. Ra1
Bd4+ 21. Kh1 Re5 22. Rxa2 Rxb5 23. Bc3 Bxc3 24. bxc3 a3 25. h4 Rb2 26. Rfa1 Rb3
27. c4 Ra5 28. Kg1 Kg7 29. Kf2 Kf6 30. f4 h5 31. Ke2 Ke6 32. Kd2 Ra4 33. Kc2
Rg3 34. Kd1 Rxc4 35. Rxa3 Rxg2 36. f5+ Ke5 37. fxg6 Rd4+ 38. Ke1 fxg6 39. Kf1
Rgd2 40. Rg3 Rd1+ 41. Rxd1 Rxd1+ 42. Ke2 Rh1 43. Rxg6 Rxh4 44. Kd3 Rh3+ 45. Kc4
Rh4 46. Kb5 Rg4 47. Rh6 0-1

[Event "4NCL Online Division 4"]
[Site "online"]
[Date "2020.10.20"]
[Round "5.151"]
[White "O'Byrne, Daniel"]
[Black "Marshall, John R"]
[Result "1-0"]
[WhiteElo "1742"]
[BlackElo "1660"]
[PlyCount "53"]
[EventDate "2020.10.20"]
[WhiteTeam "War & Piece 1"]
[BlackTeam "Temple Sutton"]

1. e4 c5 2. Nf3 Nc6 3. Bb5 g6 4. Nc3 Bg7 5. h3 e6 6. Bxc6 bxc6 7. O-O Ne7 8. e5
O-O 9. Ne4 Qc7 10. d4 cxd4 11. Qxd4 Nf5 12. Qc5 Rd8 13. Bg5 Bf8 14. Bxd8 Qxd8
15. Qc3 d5 16. exd6 Nxd6 17. Nf6+ Kh8 18. Rad1 Bg7 19. Ne5 Qxf6 20. Rxd6 h6 21.
Qxc6 Kh7 22. Qxa8 Qxe5 23. Rfd1 Qc5 24. Rc6 Qe5 25. Rxc8 Qxb2 26. Qxa7 Qf6 27.
Rc7 1-0

[Event "4NCL Online Division 4"]
[Site "online"]
[Date "2020.10.20"]
[Round "5.152"]
[White "Pool, Melvin R"]
[Black "Kelly, Richard"]
[Result "1/2-1/2"]
[WhiteElo "1645"]
[BlackElo "1817"]
[PlyCount "107"]
[EventDate "2020.10.20"]
[WhiteTeam "Temple Sutton"]
[BlackTeam "War & Piece 1"]

1. e4 e6 2. d4 d5 3. exd5 exd5 4. Bd3 Nf6 5. Nf3 c5 6. dxc5 Bxc5 7. O-O Be6 8.
Re1 Nbd7 9. Be3 O-O 10. Nbd2 Qc7 11. Nb3 Bd6 12. Nbd4 a6 13. Nxe6 fxe6 14. Ng5
Rae8 15. h3 h6 16. Nf3 e5 17. Bg6 Rd8 18. Nh4 e4 19. Bd4 Bh2+ 20. Kh1 Be5 21.
c3 Bxd4 22. cxd4 Nb6 23. Rc1 Qf4 24. Nf5 Nc4 25. Ne7+ Kh8 26. Bxe4 Qxf2 27.
Ng6+ Kg8 28. Nxf8 Ne3 29. Rxe3 Nxe4 30. Rxe4 dxe4 31. Qf1 Rxf8 32. Qc4+ Kh8 33.
Qc5 e3 34. d5 e2 35. Qxf2 Rxf2 36. Kg1 Rf5 37. Re1 Rxd5 38. Rxe2 Kg8 39. b3 Kf7
40. Kf2 Rf5+ 41. Ke3 Re5+ 42. Kd3 Rxe2 43. Kxe2 Ke6 44. Kd2 Ke5 45. Ke3 g5 46.
g3 h5 47. h4 g4 48. b4 b6 49. a4 b5 50. a5 Kd5 51. Kd3 Ke5 52. Ke3 Kd5 53. Kd3
Ke5 54. Ke3 1/2-1/2

[Event "4NCL Online Division 4"]
[Site "online"]
[Date "2020.10.20"]
[Round "5.153"]
[White "Chwieseni, Edward I"]
[Black "Perks, Gary M"]
[Result "1-0"]
[WhiteElo "1696"]
[BlackElo "1547"]
[PlyCount "105"]
[EventDate "2020.10.20"]
[WhiteTeam "War & Piece 1"]
[BlackTeam "Temple Sutton"]

1. e4 d5 2. exd5 Qxd5 3. Qf3 Qxf3 4. Nxf3 Bg4 5. d4 Bxf3 6. gxf3 a6 7. Bf4 Nc6
8. c3 O-O-O 9. Nd2 e6 10. Ne4 f6 11. O-O-O Nge7 12. Bh3 f5 13. Ng5 Nd5 14. Be3
Re8 15. Nf7 Rg8 16. f4 g6 17. Bg2 Rg7 18. Bxd5 exd5 19. Ne5 Re6 20. h4 Nd8 21.
Nf3 Nf7 22. Ne5 Nd6 23. h5 Ne4 24. hxg6 hxg6 25. Rh8 Re8 26. Rg1 Nf6 27. Rxg6
Rxg6 28. Nxg6 Bd6 29. Rxe8+ Nxe8 30. a4 Ng7 31. Kd2 c6 32. Kd3 b5 33. axb5 axb5
34. b3 Kc7 35. c4 Nh5 36. c5 Ng7 37. cxd6+ Kxd6 38. Kc3 Ne8 39. Ne5 Nc7 40. Kb4
Ne8 41. Ka5 Nf6 42. Kb6 Nd7+ 43. Nxd7 Kxd7 44. Bd2 c5 45. Kxc5 b4 46. Kxd5 Kc7
47. Ke6 Kc6 48. d5+ Kc5 49. d6 Kd4 50. d7 Kd3 51. d8=Q+ Ke2 52. Be3 Kf3 53.
Qd5+ 1-0

[Event "4NCL Online Division 4"]
[Site "online"]
[Date "2020.10.20"]
[Round "5.154"]
[White "Clancy, Mark"]
[Black "Morrison, Munroe L"]
[Result "1/2-1/2"]
[WhiteElo "1450"]
[BlackElo "1675"]
[PlyCount "76"]
[EventDate "2020.10.20"]
[WhiteTeam "Temple Sutton"]
[BlackTeam "War & Piece 1"]

1. e4 g6 2. d4 Bg7 3. Nf3 d6 4. Nc3 c6 5. Be3 Nd7 6. Be2 b5 7. a3 Bb7 8. O-O a6
9. Rb1 c5 10. Qd2 Ngf6 11. dxc5 Nxc5 12. Bxc5 dxc5 13. Qe3 Qc7 14. h3 e6 15.
Rfd1 O-O 16. Rd2 Rad8 17. Rbd1 Rxd2 18. Rxd2 Rd8 19. Rxd8+ Qxd8 20. Qxc5 Nxe4
21. Nxe4 Bxe4 22. c3 Bb7 23. Qe3 Qd5 24. Qd3 Qxd3 25. Bxd3 Bxf3 26. gxf3 Kf8
27. Kg2 Ke7 28. f4 Kd6 29. Kf3 Kc5 30. Ke4 a5 31. Bb1 b4 32. axb4+ axb4 33. Kd3
Bh6 34. Ke4 Bg7 35. Kd3 Bh6 36. Ke4 Bg7 37. Kd3 Bh6 38. Ke4 Bg7 1/2-1/2

[Event "4NCL Online Division 4"]
[Site "online"]
[Date "2020.10.20"]
[Round "5.161"]
[White "Smith, Peter J"]
[Black "Fellowes, Billy"]
[Result "1-0"]
[WhiteElo "1667"]
[BlackElo "1562"]
[PlyCount "69"]
[EventDate "2020.10.20"]
[WhiteTeam "Bishop Trojans"]
[BlackTeam "Warwickshire Bears B"]

1. h3 Nf6 2. a3 e6 3. d3 Bc5 4. c3 d5 5. Qc2 c6 6. Nd2 e5 7. Ngf3 Nbd7 8. g4
Qb6 9. Rh2 Nf8 10. b4 Bd6 11. e4 Ne6 12. Nb3 dxe4 13. dxe4 Bd7 14. Be3 Qc7 15.
Rg2 O-O-O 16. a4 Kb8 17. b5 cxb5 18. axb5 Nc5 19. Ng5 Nxb3 20. Qxb3 Be6 21.
Nxe6 fxe6 22. Bxa7+ Kc8 23. Qxe6+ Rd7 24. Bd4 Kb8 25. Ba7+ Kc8 26. Qb3 Nxe4 27.
Bd4 Rdd8 28. b6 Qd7 29. Bb5 Qe7 30. Ra8+ Bb8 31. Qc4+ Nc5 32. Bxc5 Rd1+ 33.
Kxd1 Rd8+ 34. Bd6+ Qc7 35. Qxc7# 1-0

[Event "4NCL Online Division 4"]
[Site "online"]
[Date "2020.10.20"]
[Round "5.162"]
[White "Amir, Zain"]
[Black "Robinson, Brian"]
[Result "0-1"]
[WhiteElo "1427"]
[BlackElo "1557"]
[PlyCount "86"]
[EventDate "2020.10.20"]
[WhiteTeam "Warwickshire Bears B"]
[BlackTeam "Bishop Trojans"]

1. c4 Nf6 2. Nc3 e6 3. g3 d5 4. cxd5 exd5 5. d4 Bd6 6. Bg2 c6 7. Nf3 Bf5 8. O-O
O-O 9. Qb3 Qb6 10. Qxb6 axb6 11. a3 Nbd7 12. Bd2 b5 13. b4 Nb6 14. Bf4 Bxf4 15.
gxf4 Nc4 16. a4 bxa4 17. Nxa4 Ne4 18. Nc5 Ned6 19. Ne5 Rfe8 20. e3 f6 21. Rfe1
fxe5 22. fxe5 Ne4 23. Nxe4 Bxe4 24. Bxe4 dxe4 25. Rxa8 Rxa8 26. Rc1 Nd2 27. Rc2
Nf3+ 28. Kg2 Ne1+ 29. Kf1 Nxc2 30. Kg2 Nxb4 31. Kg3 Nd5 32. Kg4 Rf8 33. Kg3 b5
34. e6 b4 35. e7 Nxe7 36. d5 Nxd5 37. h4 b3 38. h5 b2 39. h6 g6 40. f3 b1=Q 41.
fxe4 Qf1 42. Kg4 Qf3+ 43. Kg5 Qg3# 0-1

[Event "4NCL Online Division 4"]
[Site "online"]
[Date "2020.10.20"]
[Round "5.163"]
[White "Bainbridge, Bryan J"]
[Black "Johal, Amrissa Kaur"]
[Result "1-0"]
[WhiteElo "1547"]
[BlackElo "1420"]
[PlyCount "137"]
[EventDate "2020.10.20"]
[WhiteTeam "Bishop Trojans"]
[BlackTeam "Warwickshire Bears B"]

1. e4 e5 2. Nc3 Nf6 3. g3 Bb4 4. Bg2 Bxc3 5. bxc3 Nc6 6. c4 d6 7. d3 Bg4 8. f3
Be6 9. f4 Bg4 10. Nf3 Qd7 11. h3 Bxf3 12. Bxf3 Nd4 13. Be3 Nxf3+ 14. Qxf3 Qa4
15. Qe2 Qb4+ 16. Kf2 b6 17. f5 Qa4 18. g4 h6 19. Qd2 O-O-O 20. Qc3 a5 21. Qb3
Qxb3 22. axb3 Kb7 23. c3 Nd7 24. b4 Ra8 25. bxa5 Rxa5 26. Rxa5 bxa5 27. Rb1+
Kc6 28. d4 exd4 29. cxd4 Nf6 30. Kf3 Ra8 31. e5 dxe5 32. dxe5 Nh7 33. h4 a4 34.
Rb2 a3 35. Ra2 Ra4 36. c5 Kd5 37. Bf4 Kxc5 38. e6 fxe6 39. fxe6 Kc6 40. Rc2+
Kb7 41. e7 Ra8 42. Bxc7 Nf6 43. Be5 Ne8 44. Rd2 a2 45. Rd8 Ra3+ 46. Kf4 Ra4+
47. Kf5 Ra5 48. Rd1 Kc6 49. Ke6 Kb5 50. Rd5+ Kb4 51. Rxa5 Kxa5 52. Kd7 Nf6+ 53.
Bxf6 gxf6 54. e8=Q a1=Q 55. Qa8+ Kb4 56. Qxa1 Kc5 57. Qxf6 Kd5 58. Qxh6 Ke5 59.
g5 Kf5 60. g6 Kg4 61. g7 Kf5 62. g8=R Ke5 63. Rg5+ Kf4 64. Qf6+ Ke4 65. Re5+
Kd4 66. Qd6+ Kc4 67. Rc5+ Kb4 68. Qb6+ Ka4 69. Ra5# 1-0

[Event "4NCL Online Division 4"]
[Site "online"]
[Date "2020.10.20"]
[Round "5.164"]
[White "Miller, Kai"]
[Black "Berry, Robert"]
[Result "1-0"]
[WhiteElo "1397"]
[BlackElo "1555"]
[PlyCount "121"]
[EventDate "2020.10.20"]
[WhiteTeam "Warwickshire Bears B"]
[BlackTeam "Bishop Trojans"]

1. e4 e5 2. Nf3 Nc6 3. Bc4 h6 4. d3 Bc5 5. Nc3 a6 6. O-O Nf6 7. Be3 Bxe3 8.
fxe3 d6 9. d4 O-O 10. d5 Na5 11. Bd3 b5 12. b4 Nb7 13. h3 Bd7 14. Nh4 Nxe4 15.
Nxe4 Qxh4 16. Qf3 f5 17. Ng3 e4 18. Nxf5 Rxf5 19. Qxe4 Rxf1+ 20. Rxf1 Qxe4 21.
Bxe4 Rf8 22. Bh7+ Kxh7 23. Rxf8 c5 24. Rf7 Bxh3 25. Rxb7 cxb4 26. gxh3 Kg6 27.
Rb6 Kf5 28. Rxd6 Ke5 29. Rd7 g5 30. Kf2 a5 31. Ra7 Kxd5 32. Rxa5 Kc4 33. e4 Kd4
34. Rxb5 Kxe4 35. Rxb4+ Kd5 36. Ke3 Kc5 37. Rg4 Kd5 38. a4 Kc5 39. Kd3 Kb6 40.
c4 Ka5 41. c5 Ka6 42. Rc4 Kb7 43. c6+ Kc7 44. a5 h5 45. Ke3 g4 46. hxg4 hxg4
47. Kf4 g3 48. Kxg3 Kb8 49. c7+ Ka7 50. c8=R Kb7 51. Kf4 Ka7 52. Ke5 Kb7 53.
Kd6 Ka6 54. R8c5 Kb7 55. Re4 Ka6 56. Re6 Kb7 57. Re7+ Ka6 58. Re6 Kb7 59. Rc7+
Ka6 60. Kc5+ Kxa5 61. Ra7# 1-0

[Event "4NCL Online Division 4"]
[Site "online"]
[Date "2020.11.03"]
[Round "6.11"]
[White "Yogit, Senthilnathan"]
[Black "Shepherd, Tom"]
[Result "1/2-1/2"]
[WhiteElo "2117"]
[BlackElo "2027"]
[PlyCount "74"]
[EventDate "2020.11.03"]
[WhiteTeam "Uxbridge Knights A"]
[BlackTeam "MCS Oxford A"]

1. d4 d5 2. c4 e6 3. Nc3 Nf6 4. cxd5 Nxd5 5. e4 Nxc3 6. bxc3 c5 7. Nf3 cxd4 8.
cxd4 Bb4+ 9. Bd2 Bxd2+ 10. Qxd2 O-O 11. Be2 b6 12. O-O Bb7 13. Qe3 h6 14. Rfd1
Nd7 15. e5 Rc8 16. Rac1 Rxc1 17. Rxc1 Qb8 18. Bb5 Rd8 19. Nd2 a6 20. Bxd7 Rxd7
21. Nc4 Rc7 22. Nxb6 Rxc1+ 23. Qxc1 Bxg2 24. Qc8+ Qxc8 25. Nxc8 Be4 26. h4 Kf8
27. f4 Bd5 28. a3 Ke8 29. Nd6+ Ke7 30. Kf2 f6 31. Ke3 g5 32. hxg5 hxg5 33. fxg5
fxg5 34. Kf2 Kf8 35. Kg3 Kg7 36. Ne8+ Kg6 37. Nd6 Kg7 1/2-1/2

[Event "4NCL Online Division 4"]
[Site "online"]
[Date "2020.11.03"]
[Round "6.12"]
[White "Selvaraj, Hari"]
[Black "Symonds, Richard H"]
[Result "1-0"]
[WhiteElo "1930"]
[BlackElo "1981"]
[PlyCount "167"]
[EventDate "2020.11.03"]
[WhiteTeam "MCS Oxford A"]
[BlackTeam "Uxbridge Knights A"]

1. d4 d6 2. c4 Nf6 3. Nc3 Nbd7 4. Nf3 e5 5. e3 Be7 6. Be2 c6 7. Qc2 Qc7 8. dxe5
dxe5 9. O-O h6 10. Nh4 O-O 11. a3 a5 12. Nf5 Re8 13. b3 Bf8 14. Bb2 Nc5 15. Ng3
Be6 16. b4 axb4 17. axb4 Ncd7 18. b5 g6 19. Rfc1 Bg7 20. Nce4 Nxe4 21. Qxe4 f5
22. Qc2 Nc5 23. e4 f4 24. Nf1 Bf7 25. Ba3 Ne6 26. Qb2 Nd4 27. Bd1 Be6 28. h3
Qf7 29. Nd2 g5 30. Rc3 h5 31. Rac1 g4 32. h4 Bf6 33. g3 Be7 34. bxc6 bxc6 35.
Bxe7 Rxe7 36. Rb1 Rf8 37. Nb3 fxg3 38. Rxg3 Qf6 39. Nxd4 exd4 40. Bb3 Qe5 41.
Qc2 Ref7 42. Rg2 c5 43. Qd3 Rf3 44. Qd2 R8f4 45. Bd1 Rh3 46. f3 g3 47. Qa5
Rfxh4 48. Qd8+ Kg7 49. Qe7+ Kg6 50. Qe8+ Kg5 51. Kf1 d3 52. Qe7+ Kf4 53. Qf8+
Kg5 54. Qe7+ Qf6 55. Qxc5+ Kg6 56. Rb6 Rh1+ 57. Rg1 g2+ 58. Kf2 R4h2 59. Rxg2+
Rxg2+ 60. Kxg2 Rxd1 61. f4 Rd2+ 62. Kf3 Kg7 63. f5 Qg5 64. Qc7+ Bf7 65. Rg6+
Qxg6 66. fxg6 Kxg6 67. Qg3+ Kh7 68. Ke3 Ra2 69. Qc7 Kg8 70. Qd8+ Kg7 71. Qxd3
Ra4 72. c5 Ra8 73. Qd4+ Kg8 74. e5 Ra3+ 75. Kf4 Ra6 76. Qd8+ Kg7 77. Qd7 Kf8
78. c6 Be8 79. Qf5+ Kg8 80. Qc8 Ra4+ 81. Kg5 Rg4+ 82. Kf5 Kf8 83. Qd8 Rc4 84.
c7 1-0

[Event "4NCL Online Division 4"]
[Site "online"]
[Date "2020.11.03"]
[Round "6.13"]
[White "Kamath, Raghu"]
[Black "Zhu, Hou Ning"]
[Result "1-0"]
[WhiteElo "1885"]
[BlackElo "1802"]
[PlyCount "141"]
[EventDate "2020.11.03"]
[WhiteTeam "Uxbridge Knights A"]
[BlackTeam "MCS Oxford A"]

1. e4 c5 2. Nc3 g6 3. f4 Nc6 4. Nf3 Bg7 5. d3 e6 6. g3 Nge7 7. Bg2 O-O 8. O-O
Nd4 9. h3 d5 10. Kh2 Nxf3+ 11. Qxf3 d4 12. Nd1 Bd7 13. Nf2 Bc6 14. b3 Qc7 15.
Bb2 Nf5 16. Nd1 Rac8 17. Rb1 e5 18. Bc1 b5 19. Qf2 Ne7 20. fxe5 Bxe5 21. Bh6
Bg7 22. Bxg7 Kxg7 23. Qf6+ Kg8 24. Nf2 h5 25. h4 Rcd8 26. Nh3 Qd6 27. Ng5 Qxf6
28. Rxf6 Be8 29. Rbf1 Bd7 30. Rxf7 Nc6 31. Bh3 Bxh3 32. Kxh3 Rxf7 33. Rxf7 Rd6
34. Rc7 a5 35. e5 Nxe5 36. Rxc5 Nc6 37. Ne4 Re6 38. Rxb5 Nb4 39. Rc5 Nxa2 40.
Rxa5 Nb4 41. Rc5 Rc6 42. Rxc6 Nxc6 43. g4 hxg4+ 44. Kxg4 Nb4 45. Kg5 Kf7 46.
Nc5 Nxc2 47. Nd7 Nb4 48. Ne5+ Ke6 49. Nxg6 Kf7 50. Nf4 Nc6 51. h5 Kg7 52. h6+
Kh7 53. Kh5 Nb4 54. Kg5 Nc6 55. Ne6 Ne5 56. Nxd4 Nxd3 57. Nf5 Ne5 58. b4 Nf7+
59. Kf6 Nd8 60. b5 Nb7 61. Ke6 Kg6 62. Kd7 Na5 63. Kc7 Kh7 64. b6 Kg6 65. b7
Nxb7 66. Kxb7 Kh7 67. Kc7 Kg6 68. Kd7 Kh7 69. Ke6 Kg6 70. Ke7 Kh7 71. Kf6 1-0

[Event "4NCL Online Division 4"]
[Site "online"]
[Date "2020.11.03"]
[Round "6.14"]
[White "Khan, Samir"]
[Black "Colter, Nigel"]
[Result "1/2-1/2"]
[WhiteElo "1592"]
[BlackElo "1780"]
[PlyCount "114"]
[EventDate "2020.11.03"]
[WhiteTeam "MCS Oxford A"]
[BlackTeam "Uxbridge Knights A"]

1. e4 e6 2. d3 c5 3. Nd2 Nc6 4. Ngf3 d5 5. g3 Bd6 6. Bg2 Nf6 7. Qe2 Be7 8. O-O
O-O 9. Re1 b5 10. e5 Ne8 11. c3 a5 12. a3 b4 13. axb4 cxb4 14. d4 Qb6 15. h4
Ba6 16. Qe3 Nc7 17. h5 Rfc8 18. h6 g6 19. Ng5 Rf8 20. Qf4 f5 21. Ndf3 Qb7 22.
Bd2 Qc8 23. cxb4 Nxb4 24. Bxb4 axb4 25. Rec1 Bd8 26. Rc6 Bb7 27. Rxa8 Qxa8 28.
Rb6 Be7 29. Nxe6 Nxe6 30. Rxe6 Qd8 31. Qd2 Qd7 32. Rb6 Qc7 33. Rb5 Bc6 34. Qc1
Rc8 35. Rc5 Bxc5 36. Qxc5 Ba8 37. Qxb4 Qc1+ 38. Bf1 Qxh6 39. Qd6 Bb7 40. Qe6+
Kh8 41. Qd7 Qg7 42. e6 Qxd7 43. exd7 Rd8 44. Ne5 Kg7 45. Kg2 Kf6 46. Kf3 Ke7
47. Kf4 Kf6 48. Bb5 g5+ 49. Ke3 Ke7 50. Bd3 Rf8 51. f4 g4 52. b4 Kd8 53. b5 h5
54. Kf2 Rf6 55. Kg2 Kc7 56. Kh2 Kd8 57. Kh1 Kc7 1/2-1/2